000 00819nam a2200229Ia 4500
001 9288
003 GE_BSU
008 181216s||||||||xx |||||||||||||| ||und||
040 _cGE_BSU
080 _a821.353.1–32
100 _aლორთქიფანიძე,კონსტანტინე
245 _aროგორ მოკვდა მოხუცი მებადური
245 _bმოთხრობა
245 _cრედ. გრ. ჯულურიძე, მხატვ. ო.ჯიშკარიანი
260 _aთბილისი
260 _bმერანი
260 _c1975
300 _a132გვ.10სმ.
653 _aმოთხრობა
653 _aროგორ მოკვდა მოხუცი მებადური
942 _cBK
999 _c42586
_d42586